|
|
|
|
| LEADER |
01892nam a2200481 a 4500 |
| 001 |
nkc20102086725 |
| 003 |
CZ PrNK |
| 005 |
20100510164843.0 |
| 007 |
ta |
| 008 |
100224s2010 xr a e 000 e cze |
| 015 |
|
|
|a cnb002086725
|
| 020 |
|
|
|a 978-80-7363-279-3
|q (váz.) :
|c Kč 265,00
|
| 035 |
|
|
|a (OCoLC)641499642
|
| 040 |
|
|
|a BOA001
|b cze
|d OLA001
|d ABA001
|
| 043 |
|
|
|a a-pp---
|
| 072 |
|
7 |
|a 913(9)
|x Geografie Oceánie, polárních oblastí, Austrálie, atd.
|2 Konspekt
|9 7
|
| 080 |
|
|
|a 316.72/.75
|2 MRF
|
| 080 |
|
|
|a 39
|2 MRF
|
| 080 |
|
|
|a 908(954)
|2 MRF
|
| 080 |
|
|
|a (954)
|2 MRF
|
| 080 |
|
|
|a (0:82-4)
|2 MRF
|
| 100 |
1 |
|
|a Novotný, Vojtěch,
|d 1964-
|7 mzk2004228330
|4 aut
|
| 245 |
1 |
0 |
|a Papuánské (polo)pravdy /
|c Vojtěch Novotný ; [ilustrace Benson Avea Bego]
|
| 250 |
|
|
|a 2., rozš. vyd.
|
| 260 |
|
|
|a Praha :
|b Dokořán,
|c 2010
|
| 300 |
|
|
|a 229 s. :
|b il. ;
|c 21 cm
|
| 504 |
|
|
|a Obsahuje bibliografické odkazy
|
| 650 |
0 |
7 |
|a kultura a společnost
|7 ph122010
|z Papua-Nová Guinea
|2 czenas
|
| 650 |
0 |
9 |
|a culture and society
|z Papua New Guinea
|2 eczenas
|
| 651 |
|
7 |
|a Papua-Nová Guinea
|7 ge130367
|x etnografie
|2 czenas
|
| 651 |
|
7 |
|a Papua-Nová Guinea
|7 ge130367
|x vlastivěda
|2 czenas
|
| 651 |
|
9 |
|a Papua New Guinea
|x etnography
|2 eczenas
|
| 651 |
|
9 |
|a Papua New Guinea
|x description and travel
|2 eczenas
|
| 655 |
|
7 |
|a eseje
|7 fd132213
|2 czenas
|
| 655 |
|
9 |
|a essays
|2 eczenas
|
| 700 |
1 |
|
|a Bego, Benson Avea,
|d 1964-
|7 xx0114080
|4 ill
|
| 856 |
4 |
1 |
|u http://www.digitalniknihovna.cz/mzk/uuid/uuid:bd0eb6d0-39a6-11e4-8e0d-005056827e51
|y Digitalizovaný dokument
|x NDK
|
| 910 |
2 |
|
|a BOA001
|b 2-1239.507
|
| 990 |
|
|
|a BK
|
| 995 |
|
|
|a 01
|
| 991 |
|
|
|b 201003
|c NOV
|
| 996 |
6 |
|
|b 2610423665
|c 2-1239.507
|l MZK
|r Sklad / do 1 hodiny
|n 0
|p p.v.
|w 001113133
|u 000010
|a 1
|e BOA001
|j MZK50
|s P
|
| 996 |
7 |
|
|b 2610424849
|c 2-1239.507
|l MZK
|r Sklad / do 1 hodiny
|n 14
|p kup
|w 001113133
|u 000020
|a 1
|e BOA001
|j MZK50
|s A
|